| 000 | 01231cad a22002535a 4500 | ||
|---|---|---|---|
| 001 | L157312 | ||
| 008 | 121016s2012 xxk 000 0 eng d | ||
| 035 | _a(Sirsi) u157312 | ||
| 041 | 0 | _aeng | |
| 110 | 2 |
_aGreat Britain _bHealth and Safety Executive |
|
| 245 | 0 | 0 |
_aLondon 2012 _bThe Construction (Design and Management) Regulations 2007 _bDutyholder roles and impact _h[electronic resource] |
| 260 |
_aLondon _bHSE _c2012 |
||
| 490 | 0 |
_aHSE Research Report _vRR941 |
|
| 520 | _aFrontline Consultants was commissioned by the Olympic Delivery Authority (ODA) and funded by the Health and Safety Executive (HSE) and the Institution of Civil Engineers (ICE) to review duty holder roles and their implementation of the Construction (Design and Management) Regulations 2007 (CDM 2007) in the construction of London 2012. | ||
| 590 | _aKA NTK | ||
| 651 | 4 |
_aGreat Britain _y1707- |
|
| 690 |
_aConstruction management _96230 |
||
| 690 |
_aProject management _96261 |
||
| 690 | _aDesign and specification | ||
| 710 | 1 |
_aFrontline Consultants _95690 |
|
| 710 | 1 |
_aInstitution of Civil Engineers _91402 |
|
| 856 | 4 | 0 |
_uhttps://www.hse.gov.uk/research/rrpdf/rr941.pdf _zView the report free of charge at www.www.hse.gov.uk |
| 942 | _n0 | ||
| 999 |
_c114717 _d114717 |
||